00474nam a2200145 i 450000100060000000300090000600500170001500700030003200800410003510000210007624501010009726000820019830000270028085200210030724007ES-MaACL20230906152954.0t|021213s1921 fr ||||1| fre d1 aThomas, André.13aLa réflexe pilomoteur b: etude anatomo-clinique sur le système sympatique / cAndre-Thomas. aParis : b[s.n.], c1921 (ePoitiers : fSociété Français d'Imprimerie) aVII, 242 p. ; c25 cm. aES-MaACLjE-1304